Essential Hinduism (Record no. 22751)

MARC details
000 -LEADER
fixed length control field 00977cam a2200193 a 4500
020 ## - INTERNATIONAL STANDARD BOOK NUMBER
ISBN 0275990060 (alk. paper)
020 ## - INTERNATIONAL STANDARD BOOK NUMBER
ISBN 9780275990060 (alk. paper)
082 00 - DEWEY DECIMAL CLASSIFICATION NUMBER
Classification number 294.5
100 1# - MAIN ENTRY--AUTHOR NAME
Author name Rosen, Steven,
245 10 - TITLE STATEMENT
Title Essential Hinduism
260 ## - PUBLICATION, DISTRIBUTION, ETC. (IMPRINT)
Place of publication Westport, Conn. :
Name of publisher Praeger,
Year of publication 2006.
300 ## - PHYSICAL DESCRIPTION
Number of Pages xxi, 266 p. ;
505 0# - FORMATTED CONTENTS NOTE
Formatted contents note Foreword / by Graham M. Schweig -- Introduction -- The antecedents : everything comes from something -- Hinduism : the one and the many -- Dharma and the Hindu social system -- What are the Vedas? -- Epic Hinduism -- The Bhagavad-Gita and the life of Lord Krishna -- The Puranas and the Bhagavata -- Vaishnavism and the practice of Hinduism -- Underlying metaphysics -- The yoga of eating -- Idols, deities, worship, and temples -- Festivals and holidays -- Sonic theology -- Conclusion.
650 #0 - SUBJECT ADDED ENTRY--TOPICAL TERM
Topical Term Hinduism.
650 #0 - SUBJECT ADDED ENTRY--TOPICAL TERM
Topical Term Vaishnavism.
856 41 - ELECTRONIC LOCATION AND ACCESS
Uniform Resource Identifier http://www.loc.gov/catdir/toc/ecip0618/2006024490.html
942 ## - ADDED ENTRY ELEMENTS (KOHA)
Koha item type Books
Holdings
Home library Current library Shelving location Date acquired Full call number Accession Number Koha item type
Henry Martyn Institute Library Henry Martyn Institute Library General stacks 10/16/2019 294.5 ROS 25631 Books
                   Copyright © 2026 | Henry Martyn Institute | Hyderabad | TS-500052 | INDIA | Implemented by hmi.edu.in
Hit-Count:

Powered by Koha